000 01317nam a2200361 i 4500
003 EG-GICUC
005 20260416085309.0
008 260416s1997 be ||fr|||| 001 0 fre d
040 _aEG-GiCUC
_bfre
_cEG-GiCUC
_dEG-GiCUC
_eRda
041 0 _afre
082 0 4 _221
_a341.48
_bDE . E
092 0 4 _221
099 _aLaw1 11 341.48 DE . E 1997
100 1 _ade Bruyn, Donatienne
_eAuteur
245 1 4 _aLes exceptions préliminaires dans la Convention européenne des droits de l'homme /
_cDonatienne de Bruyn, Sébastien Depré, Michel Kaiser, Pierre Lambert, Bruno Lombaert, Marc Verdussen.
264 1 _aBrulylant :
_bBruylant,
_c1997.
300 _a181 page,
_c24 cm.
336 _2rda contenu
_a texte
337 _2rda medias
_aOrdinateur
338 _2 transporteur rda
_a Ressource en ligne
490 _aDroit Et Justice
_v18
504 _aComprend des références bibliographiques.
546 _aTexte en français
650 1 4 _aDroit international public
700 1 _aDepré , Sébastien
_eCo-Auteur
700 1 _aKaiser , Michel
_eCo-Auteur
700 1 _aLambert, Pierre
_eCo-Auteur
700 1 _a Lombaert , Bruno
_eCo-Auteur
700 1 _aVerdussen, Marc
_eCo-Auteur
856 4 0 _uhttps://fll.law.cu.edu.eg/fulltext/bks/B11-09004.pdf
905 _a48
942 _2ddc
_cBK
_e21
_n0
999 _c71328
_d71328